logo

Bir Sreshtho Munshi Abdur Rouf Library
Jhenaidah Cadet College

Flow: (Record no. 14079)

MARC details
000 -LEADER
fixed length control field 00811cam a2200253 a 4500
001 - CONTROL NUMBER
JCCL Control Number 14079
003 - CONTROL NUMBER IDENTIFIER
JCCL marc code BD-JhCC
005 - DATE AND TIME OF LATEST TRANSACTION
control field 20240919111219.0
008 - FIXED-LENGTH DATA ELEMENTS--GENERAL INFORMATION
fixed length control field 970827s1990 nyua 001 0 eng
035 ## - SYSTEM CONTROL NUMBER
system control number (BD-JhCC)14079
040 ## - CATALOGING SOURCE
Original cataloging agency DLC
Transcribing agency DLC
Modifying agency DLC
041 ## - LANGUAGE CODE
Language code of Book english
050 00 - LIBRARY OF CONGRESS CALL NUMBER
Classification number HG179
Item number .S334 1998
082 00 - DEWEY DECIMAL CLASSIFICATION NUMBER
DDC Edition number 21
Classification number 152.42
Author mark and Year MIH 1990
100 1# - MAIN ENTRY--PERSONAL NAME
Personal name Csikszentmihalyi,Mihaly
245 10 - TITLE STATEMENT
Title Flow:
Remainder of title the psychology of optimal experience /
Statement of responsibility, etc Mihaly Csikszentmihalyi.
246 30 - VARYING FORM OF TITLE
Title proper/short title Guide to financial independence
260 ## - PUBLICATION, DISTRIBUTION, ETC. (IMPRINT)
Place of publication, distribution, etc New York :
Name of publisher, distributor, etc Harper & Row,
Date of publication, distribution, etc 1990.
300 ## - PHYSICAL DESCRIPTION
Pagination 306 p. :
Other physical details ill. ;
Dimensions 24 cm.
500 ## - GENERAL NOTE
General note Includes index.
650 #0 - SUBJECT ADDED ENTRY--TOPICAL TERM
Topical term or geographic name as entry element Happiness Psychological aspects
Form subdivision Self-actualization (Psychology)
General subdivision Self-consciousness (Awareness)
Geographic subdivision Stories, plots, etc
942 ## - ADDED ENTRY ELEMENTS (KOHA)
Source of classification or shelving scheme Dewey Decimal Classification
Koha item type Books
Holdings
Source of classification or shelving scheme Damaged status Not for loan Home library Current library Shelving location Date of accession Source of acquisition Cost, normal purchase price Total Checkouts Full call number Barcode Checked out Date last seen Date checked out Copy number Method of acquisition Koha item type Currency
Dewey Decimal Classification     JCC Rouf Library JCC Rouf Library General Stacks 09/19/2024 With the Compliments Of Shahriar Imtiaz Rahman 27/1483/K 1502.00 3 152.42 MIH 1990 19699 02/24/2026 01/29/2026 01/29/2026 C-1 Gift/Donation Books BDT

JCC Library | Contacts | JCC Home

Last Update on 23 September 2017
Copyright @ 2017-2020 JCC Rouf Library
Rouf Library, Jhenidah Cadet College (JCC), Bangladesh